| 000 | 01882nam0a2200361 4500 | ||
|---|---|---|---|
| 001 | RU\NLR\bibl\1421556 | ||
| 005 | 20260408155258.0 | ||
| 010 |
_a978-5-93216-304-7 _9100 |
||
| 021 |
_aRU _b2009-61820 _93811 |
||
| 035 | _a(nilc)RSL-KNO-004365488 | ||
| 035 | _a(NLR Aleph) 001413502 | ||
| 090 |
_a1297455 _c1297455 |
||
| 100 | _a20090717d2009 |||y0rusy50 ca | ||
| 101 | 0 | _arus | |
| 102 | _aRU | ||
| 105 | _aa ||||||||| | ||
| 200 | 1 |
_aСборник научных трудов бакалавров, специалистов, магистрантов Факультета зимних видов спорта и единоборств _fФедеральное гос. образовательное учреждение высш. проф. образования "Уральский гос. ун-т физ. культуры", Фак. зимних видов спорта и единоборств |
|
| 210 |
_aЧелябинск _cУральский государственный университет физической культуры _d2009 |
||
| 215 |
_a119 с. _cил., табл. _d20 |
||
| 320 | _aБиблиогр. в конце ст. | ||
| 606 | 1 |
_aЗимний спорт _jСборники _91196605 _3RU\NLR\auth\66165786 |
|
| 606 |
_aЕдиноборства (спорт.) _jСборники _91178623 _3RU\NLR\auth\66156300 |
||
| 686 | 1 | _aЧ517.19я43 | |
| 686 | 1 | _aЧ517.15/16я43 | |
| 686 | 1 | _aЦ4,5(0)361.12я43 | |
| 710 | 0 | 2 |
_aУральский государственный университет физической культуры _bФакультет зимних видов спорта и единоборств _cЧелябинск _9772267 _3RU\NLR\AUTH\8810138468 |
| 801 | 0 |
_aRU _bРГБ _c20090717 _grcr |
|
| 801 | 1 |
_aRU _bРГБ _c20090717 |
|
| 801 | 2 |
_aRU _bNLR _c20091008 _grcr |
|
| 942 | _cBOOK | ||
| 980 | _aNB | ||